Directors by Picture #3 - Statistics

General Stats
  • This quiz has been taken 96 times
  • The average score is 9 of 16
Answer Stats
Picture Answer % Correct
Martin Scorsese
99%
Christopher Nolan
87%
Wes Anderson
86%
Sofia Coppola
79%
Ang Lee
78%
Jordan Peele
77%
David Lynch
72%
Ron Howard
72%
Stanley Kubrick
66%
Guy Ritchie
49%
Sam Mendes
41%
John Woo
32%
Sydney Pollack
32%
Tom Hooper
29%
Anthony Russo
26%
William Wyler
17%
No matching quizzes found
Score Distribution
Percent of People with Each Score
Percentile by Number Answered
Your Score History
You have not taken this quiz